Geografía agraria de México (Record no. 7945)
[ view plain ]
| 000 -CABECERA | |
|---|---|
| campo de control de longitud fija | 01492nam a22003977a 4500 |
| 003 - IDENTIFICADOR DEL NÚMERO DE CONTROL | |
| campo de control | CHAP |
| 005 - FECHA Y HORA DE LA ÚLTIMA TRANSACCIÓN | |
| campo de control | 20220817041155.0 |
| 008 - DATOS DE LONGITUD FIJA--INFORMACIÓN GENERAL | |
| campo de control de longitud fija | 971013s1991 mx r 00010 spa d |
| 010 ## - NÚMERO DE CONTROL DE LA BIBLIOTECA DEL CONGRESO | |
| Número de control de LC | 7945 |
| 011 ## - ENLACE DEL NUMERO DE CONTROL DE LA BIBLIOTECA DEL CONGRESO [OBSOLETO] | |
| Número de control de LC | 8917 |
| 020 ## - NÚMERO INTERNACIONAL ESTÁNDAR DEL LIBRO | |
| Número Internacional Estándar del Libro | 9683621392 |
| 035 ## - NÚMERO DE CONTROL DEL SISTEMA | |
| Número de control de sistema | 8150 |
| 040 ## - FUENTE DE LA CATALOGACIÓN | |
| Centro/agencia transcriptor | CHAP |
| 082 ## - NÚMERO DE LA CLASIFICACIÓN DECIMAL DEWEY | |
| Número de clasificación | 631.5972 |
| Número de documento/Ítem | S6 |
| 100 00 - ENTRADA PRINCIPAL--NOMBRE DE PERSONA | |
| Nombre de persona | Soto Mora, Consuelo. |
| 9 (RLIN) | 108893 |
| 245 10 - MENCIÓN DE TÍTULO | |
| Título | Geografía agraria de México |
| Mención de responsabilidad, etc. | /por Consuelo Soto Mora, Luis Fuentes Aguilar y Coll-Hurtado, Atlántida |
| 260 ## - PUBLICACIÓN, DISTRIBUCIÓN, ETC. | |
| Lugar de publicación, distribución, etc. | México, D.F. : |
| Nombre del editor, distribuidor, etc. | UNAM.Instituto de Geografía, |
| Fecha de publicación, distribución, etc. | 1991 |
| 300 ## - DESCRIPCIÓN FÍSICA | |
| Extensión | 273 p. : |
| Otras características físicas | gráfs., tablas. |
| 590 ## - NOTA LOCAL (RLIN) | |
| Nota local | BATCH-UPD |
| Procedencia (VM) [OBSOLETO] | 10 |
| Condición del los carretes individuales (VM) [OBSOLETO] | 20130110 |
| -- | UCH01 |
| -- | 0015 |
| 590 ## - NOTA LOCAL (RLIN) | |
| Nota local | BATCH-UPD |
| Procedencia (VM) [OBSOLETO] | 10 |
| Condición del los carretes individuales (VM) [OBSOLETO] | 20130110 |
| -- | UCH01 |
| -- | 1133 |
| 590 ## - NOTA LOCAL (RLIN) | |
| Nota local | BATCH-UPD |
| Procedencia (VM) [OBSOLETO] | 10 |
| Condición del los carretes individuales (VM) [OBSOLETO] | 20130409 |
| -- | UCH01 |
| -- | 1953 |
| 590 ## - NOTA LOCAL (RLIN) | |
| Nota local | BATCH-UPD |
| Procedencia (VM) [OBSOLETO] | 10 |
| Condición del los carretes individuales (VM) [OBSOLETO] | 20130410 |
| -- | UCH01 |
| -- | 0721 |
| 590 ## - NOTA LOCAL (RLIN) | |
| Nota local | BATCH-UPD |
| Procedencia (VM) [OBSOLETO] | 10 |
| Condición del los carretes individuales (VM) [OBSOLETO] | 20130914 |
| -- | UCH01 |
| -- | 0038 |
| 590 ## - NOTA LOCAL (RLIN) | |
| Nota local | BATCH-UPD |
| Procedencia (VM) [OBSOLETO] | 10 |
| Condición del los carretes individuales (VM) [OBSOLETO] | 20130914 |
| -- | UCH01 |
| -- | 1824 |
| 590 ## - NOTA LOCAL (RLIN) | |
| Nota local | CONVERSION |
| Procedencia (VM) [OBSOLETO] | 10 |
| Condición del los carretes individuales (VM) [OBSOLETO] | 20130109 |
| -- | UCH01 |
| -- | 1305 |
| 650 14 - PUNTO DE ACCESO ADICIONAL DE MATERIA--TÉRMINO DE MATERIA | |
| Término de materia o nombre geográfico como elemento de entrada | Agricultura |
| Subdivisión geográfica | México. |
| 9 (RLIN) | 1932 |
| 650 14 - PUNTO DE ACCESO ADICIONAL DE MATERIA--TÉRMINO DE MATERIA | |
| Término de materia o nombre geográfico como elemento de entrada | Geografía agrícola |
| Subdivisión general | México. |
| 9 (RLIN) | 47570 |
| 650 14 - PUNTO DE ACCESO ADICIONAL DE MATERIA--TÉRMINO DE MATERIA | |
| Término de materia o nombre geográfico como elemento de entrada | México |
| Subdivisión general | Condiciones rurales. |
| 700 0# - PUNTO DE ACCESO ADICIONAL--NOMBRE DE PERSONA | |
| Nombre de persona | Coll de Hurtado, Altántida. |
| 9 (RLIN) | 25193 |
| 700 0# - PUNTO DE ACCESO ADICIONAL--NOMBRE DE PERSONA | |
| Nombre de persona | Fuentes Aguilar, Luis. |
| 9 (RLIN) | 43824 |
| 710 0# - PUNTO DE ACCESO ADICIONAL--NOMBRE DE ENTIDAD CORPORATIVA | |
| Nombre de entidad corporativa o nombre de jurisdicción como elemento de entrada | Universidad Nacional Autónoma de México. Instituto de Geografía. |
| 9 (RLIN) | 116548 |
| 901 ## - ELEMENTOS DE DATOS A LOCAL LDA (RLIN) | |
| a | BK |
| 942 ## - ELEMENTOS DE PUNTO DE ACCESO ADICIONAL (KOHA) | |
| Tipo de ítem Koha | Libro |
| 949 ## - PROCESAMIENTO DE INFORMACIÓN LOCAL (OCLC) | |
| a | 631.5972 S6 |
| b | BC |
| c | LIBRO |
| d | 33724000162962 |
| e | LIBRO |
| h | 84359 |
| i | 8150 |
| m | D |
| s | i |
| 949 ## - PROCESAMIENTO DE INFORMACIÓN LOCAL (OCLC) | |
| a | 631.5972 S6 |
| b | BC |
| c | LIBRO |
| d | 33724002247173 |
| e | LIBRO |
| f | c.2 |
| g | DonaciØn |
| h | 115339 |
| i | 8150 |
| s | i |
| Estado de retiro | Estado de pérdida | Fuente del sistema de clasificación o colocación | Estado dañado | Restricciones de uso | No para préstamo | Código de colección | Localización permanente | Ubicación/localización actual | Ubicación en estantería | Fecha de adquisición | Fuente de adquisición | Información codificada de la localización en otra ubicación | Total de préstamos | Signatura topográfica completa | Código de barras | Fecha visto por última vez | Precio válido a partir de | Tipo de ítem Koha | Número de copia |
|---|---|---|---|---|---|---|---|---|---|---|---|---|---|---|---|---|---|---|---|
| Clasificación Universidad Autónoma de Chapingo | Préstamo 15 días | General | Biblioteca Central | Biblioteca Central | Planta principal - Colección General | 31/12/2019 | Donacion | LIBRO | 631.5972 S6 | 33724000162962 | 31/12/2019 | 31/12/2019 | Libro | ||||||
| Clasificación Universidad Autónoma de Chapingo | Préstamo 15 días | General | Biblioteca Central | Biblioteca Central | Planta principal - Colección General | 31/12/2019 | LIBRO | 631.5972 S6 | 33724002247173 | 31/12/2019 | 31/12/2019 | Libro | c.2 |
